000 00514nam a2200181Ia 4500
005 20250923144546.0
008 008 250917s9999 xx 000 0 eng d
037 _aReports
040 _aDSWL
_beng
_cDSWL
041 _aeng
_2eng
084 _qDSWL
100 _aSharp, Ian.G.
_9826096
245 0 _aIndustrial concilation & arlitration in great Britain
_cby Ian.G. Sharp
260 _aLondon
_bGeorge Allen & Unwin Ltd
_c1950
300 _a466 p.
942 _cREP
999 _c1440485
_d1440485